1508 1922 1686 1290 1842 1602 1441 1576 1322 1667 1925 1857 1452 1910 1114 1603 1002 1364 1365 1407 1053 1394 1799 1588 1328 1420 1262 1164 1691 1493 1381 1426 1621 1071 1445 1193 1487 1993 1558 1407 1835 1138 1104 1812 1376 1600 1400 1140 1817 1008 1690 1760 1789 1463 1333 1233 1699 1265 1675 1599 1381 1808 1225 1804 1159 1304 1012 1025 1818 1148 1360 1319 1753 1863 1662 1478 1661 1825 1234 1929 1439 1242 1298 1254 1758 1266 1784 1176 1170 1965 1501 1876 1729 1047 1328 1357 1209 1220 1868 BCNSPRNW ULIB Ver.6.0+V

เปลี่ยนเป็นภาษาไทย

Change to English
 แสดงรายละเอียดบรรณานุกรม
  กลับหน้าหลัก

Brief Record : Get Marc (ISO 2709) : E-mail record : QR code < ปิดหน้าต่าง
LEADER : 00000nam 2200000uu 4500
001    13399109251
003     ULIB
008    110324s2544||||th 000 0 tha d
060 04 WA540JT3^bส598ส 2544
110 1  กระทรวงสาธารณสุข
245 00 สูจิบัตร:กระจายอำนาจกับอนาคตสุขภาพไทย/^cเวทีวิชาการ:ปฏิรูประบบบริการสุขภาพไทยครั้งที่ 2
260    [นนทบุรี] :^bกระทรวงสาธารณสุข,^c2544
300    32 หน้า
650  7 การบริหารสาธารณสุข
710 2  สถาบันพระบรมราชชนก
710 2  โครงการปฏิรูประบบบริการสาธารณสุข
710 2  มูลนิธิสาธารณสุขแห่งชาติ
710 2  สำนักนโยบายและแผนสาธารณสุข
710 2  สำนักวิชาการสาธารณสุข
945    ^p0^l0^i013237
995    ทศพร
999 ^a ใช้งานได้ทุกระบบ
รายการนี้ยังไม่มีแท็ก
คุณยังไม่ได้ล็อกอิน คุณสามารถมีกิจกรรมร่วมกับเว็บไซต์ได้ แต่ต้องล็อกอินก่อน ::
  ล็อกอิน

รายการสื่อสารสนเทศ

ลำดับที่ ประเภท เลขเรียก/บาร์โค้ด สถานที่ สถานะ
- ไม่พบข้อมูล -

รายการใกล้เคียง
    หัวเรื่อง [การบริหารสาธารณสุข]

BibComment


ยังไม่เคยถูกคอมเมนท์

คอมเมนท์ทรัพยากรรายการนี้
  คอมเมนท์: สูจิบัตรกระจายอำน..


 Copyright 2026. Bcnsprnw @Library